Rulers of Israel and Judah - Statistics

General Stats
  • This quiz has been taken 635 times
  • The average score is 10 of 42
Answer Stats
Hint Answer % Correct
1011-971 David
97%
971-931 Solomon
92%
1051-1011 BC Saul
78%
874-853 Ahab
40%
716-687 Hezekiah
38%
641-609 Josiah
37%
931-913 BC Rehoboam
37%
931-910 BC Jeroboam I
35%
793-753 Jeroboam II
35%
735-716 Ahaz
26%
911-870 Asa
25%
841-814 Jehu
24%
697-643 Manasseh
24%
597-586 Zedekiah
24%
873-848 Jehoshaphat
23%
792-740 Uzziah
22%
835-796 Joash
20%
885-874 Omri
20%
643-641 Amon
16%
598-597 Jehoiachin
16%
853-841 Jehoram
16%
841-835 Queen Athaliah
16%
609-598 Jehoiakim
15%
853-852 Ahaziah
14%
841 Ahaziah
14%
796-767 Amaziah
13%
852-841 Joram
13%
752-732 Pekah
13%
885 Zimri
13%
913-911 Abijah
12%
609 Jehoahaz
11%
909-886 Baasha
10%
732-722 Hoshea
10%
750-732 Jotham
10%
753 Zechariah
10%
814-798 Jehoahaz
9%
798-782 Jehoash
9%
910-909 Nadab
9%
886-885 Elah
8%
752-742 Menahem
6%
752 Shallum
6%
742-740 Pekaiah
3%
No matching quizzes found
Score Distribution
Percent of People with Each Score
Percentile by Number Answered
Your Score History
You have not taken this quiz